| 000 | 05719nam a2200253 4500 | ||
|---|---|---|---|
| 003 | NALT | ||
| 005 | 20251014091931.0 | ||
| 008 | 251009b th ||||| |||| 00| 0 tha d | ||
| 040 | _aNALT | ||
| 086 | _aสผ 18 7.5 342.03 2559 | ||
| 110 | 2 |
_aสำนักงานเลขาธิการสภาผู้แทนราษฎร. _bสำนักกรรมาธิการ 2 _bกลุ่มงานคณะกรรมาธิการการทหาร _928553 |
|
| 245 | 1 | 0 |
_aรายงานผลการดำเนินงานคณะอนุกรรมการรับฟังและสรุปความคิดเห็นที่มีผู้เสนอแนะ ในคณะกรรมการร่างรัฐธรรมนูญ ระหว่างวันที่ 6 ตุลาคม 2558 - วันที่ 29 มีนาคม 2559 / _cฝ่ายเลขานุการคณะอนุกรรมการรับฟังและสรุปความคิดเห็นที่มีผู้เสนอแนะ ในคณะกรรมการร่างรัฐธรรมนูญ สำนักกรรมาธิการ 2 สำนักงานเลขาธิการสภาผู้แทนราษฎร. |
| 260 |
_aกรุงเทพฯ : _bสำนักกรรมาธิการ 2 สำนักงานเลขาธิการสภาผู้แทนราษฎร, _c2559. |
||
| 300 |
_a697 หน้า : _bภาพประกอบ, ตาราง ; _c30 ซม. |
||
| 505 | 2 | _aการดำเนินงานของคณะอนุกรรมการ -- ส่วนที่ 1 : การสรุปประเด็นข้อคิดเห็นและข้อเสนอแนะต่อคณะกรรมการร่างรัฐธรรมนูญ -- ระหว่างวันที่ 6 ตุลาคม 2558 - วันที่ 29 มกราคม 2559 (ช่วงระยะเวลาการจัดทำร่างเบื้องต้น) -- 1.1 ข้อคิดเห็นและข้อเสนอแนะของคณะรักษาความสงบแห่งชาติ -- 1.2 ข้อคิดเห็นและข้อเสนอแนะของสภานิติบัญญัติแห่งชาติ -- 1.3 ข้อคิดเห็นและข้อเสนอแนะของสภาขับเคลื่อนการปฏิรูปประเทศ -- 1.4 ข้อคิดเห็นและข้อเสนอแนะของพรรคการเมือง -- 1.5 ข้อคิดเห็นและข้อเสนอแนะขององค์กรตามรัฐธรรมนูญ -- 1.6 ข้อคิดเห็นและข้อเสนอแนะของหน่วยงานของรัฐ -- 1.7 ข้อคิดเห็นและข้อเสนอแนะขององค์กรเอกชน และองค์กรอื่นๆ -- 1.8 ข้อคิดเห็นและข้อเสนอแนะของประชาชน -- ส่วนที่ 2 : การจัดโครงการสัมมนารับฟังความคิดเห็นของประชาชนต่อร่างรัฐธรรมนูญ -- ระหว่างวันที่ 6 ตุลาคม 2558 - วันที่ 29 มกราคม 2559 (ช่วงระยะเวลาการจัดทำร่างเบื้องต้น) -- 2.1 รายงานผลการสัมมนา เรื่อง "การรับฟังความคิดเห็นของกลุ่มเฉพาะต่อร่างรัฐธรรมนูญ" ณ ห้องประชุมคณะกรรมาธิการหมายเลข 213 - 216 ชั้น 2 อาคารรัฐสภา 2 -- 2.2 รายงานผลการสัมมนา เรื่อง "การรับฟังความคิดเห็นของประชาชนต่อร่างรัฐธรรมนูญ" จำนวน 3 ครั้ง -- 2.3 รายงานผลการสัมมนา เรื่อง "การรับฟังความคิดเห็นของประชาชนต่อร่างรัฐธรรมนูญ (ฉบับร่างเบื้องต้น)" จำนวน 4 ครั้ง. | |
| 610 | 2 | 4 |
_aคณะอนุกรรมการรับฟังและสรุปความคิดเห็นที่มีผู้เสนอแนะ ในคณะกรรมการร่างรัฐธรรมนูญ _xผลงาน _966700 |
| 650 | 4 |
_aร่างรัฐธรรมนูญแห่งราชอาณาจักรไทย (ฉบับชั่วคราว) 2557 _x การมีส่วนร่วมของประชาชน _928121 |
|
| 710 | 2 |
_aคณะอนุกรรมการรับฟังและสรุปความคิดเห็นที่มีผู้เสนอแนะ ในคณะกรรมการร่างรัฐธรรมนูญ. _966699 |
|
| 942 |
_2local _cPAR |
||
| 996 |
_ajidapa.t _bACQSTF _c2025-10-09 |
||
| 996 |
_avaree.k _bLIBSTF _c2025-10-10 |
||
| 996 |
_ajamriang.p _bCATSTF _c2025-10-14 |
||
| 999 |
_c107350 _d107350 |
||
| 998 |
_j1020 _k นางจำเรียง ระวังสำโรง |
||